[Event "ARG-ch sf 98th"]
[Site "Buenos Aires"]
[Date "2023.05.05"]
[Round "7"]
[White "Petti, Luca Giovanni"]
[Black "Sorin, Ariel"]
[Result "1/2-1/2"]
[WhiteElo "2023"]
[BlackElo "2357"]
[PlyCount "109"]
[EventDate "2023.04.29"]
[EventType "swiss"]
[EventRounds "9"]
[EventCountry "ARG"]
[SourceTitle "CBM 214 Extra"]
[Source "ChessBase"]
[SourceDate "2023.07.31"]
[SourceVersion "1"]
[SourceVersionDate "2023.07.31"]
[SourceQuality "1"]

1. e4 e5 2. Nf3 Nc6 3. Bc4 Bc5 4. c3 Nf6 5. d4 exd4 6. b4 Be7 7. e5 Ne4 8. b5 Na5 9. Bd3 d5 10. exd6 Nxd6 11. cxd4 Bf5 12. 0-0 0-0 13. Bxf5 Nxf5 14. Qd3 g6 15. Nc3 a6 16. Bf4 axb5 17. Nxb5 c6 18. Nc3 b5 19. Ne4 Nc4 20. a4 Nb2 21. Qc3 Nxa4 22. Qxc6 Nxd4 23. Nxd4 Qxd4 24. Rfd1 Qb6 25. Qxb6 Nxb6 26. Rab1 b4 27. Bd6 Bxd6 28. Rxd6 Nc4 29. Rd4 Na3 30. Rb2 Nc2 31. Rd1 Rfd8 32. Rxd8+ Rxd8 33. f3 Rc8 34. Nf6+ Kg7 35. Nd5 Rc4 36. Kf2 f5 37. Ke2 b3 38. Ne3 Nxe3 39. Kxe3 Rb4 40. Kd3 Kf6 41. Kc3 Rh4 42. g3 Rh3 43. Kxb3 f4 44. Rg2 h5 45. Kc4 h4 46. gxh4 Rxf3 47. Kd4 Rh3 48. Rg4 Rxh2 49. Rxf4+ Kg7 50. Ke3 Kh6 51. Kf3 Kh5 52. Kg3 Ra2 53. Rb4 Ra3+ 54. Kg2 Rc3 55. Ra4 1/2-1/2

[Event "ARG-ch sf 98th"]
[Site "Buenos Aires"]
[Date "2023.05.04"]
[Round "6"]
[White "Sorin, Ariel"]
[Black "Ibarra, Juan Martin"]
[Result "0-1"]
[WhiteElo "2357"]
[BlackElo "2182"]
[PlyCount "44"]
[EventDate "2023.04.29"]
[EventType "swiss"]
[EventRounds "9"]
[EventCountry "ARG"]
[SourceTitle "CBM 214 Extra"]
[Source "ChessBase"]
[SourceDate "2023.07.31"]
[SourceVersion "1"]
[SourceVersionDate "2023.07.31"]
[SourceQuality "1"]

1. d4 Nf6 2. c4 e6 3. Nf3 d5 4. Nc3 c6 5. e3 Nbd7 6. Qc2 b6 7. Bd3 Bb7 8. 0-0 Rc8 9. b3 Bb4 10. Bb2 0-0 11. Rad1 Qe7 12. Qe2 Rfd8 13. Ne5 c5 14. f4 dxc4 15. bxc4 Nf8 16. f5 cxd4 17. exd4 Rxd4 18. Nb5 Rh4 19. Kh1 Bc5 20. Nf3 Rh5 21. Ng5 Ng4 22. Nc3 Qc7 0-1

[Event "ARG-ch sf 98th"]
[Site "Buenos Aires"]
[Date "2023.05.02"]
[Round "4"]
[White "Sorin, Ariel"]
[Black "Llanos, Guillermo"]
[Result "1/2-1/2"]
[WhiteElo "2357"]
[BlackElo "2290"]
[PlyCount "106"]
[EventDate "2023.04.29"]
[EventType "swiss"]
[EventRounds "9"]
[EventCountry "ARG"]
[SourceTitle "CBM 214 Extra"]
[Source "ChessBase"]
[SourceDate "2023.07.31"]
[SourceVersion "1"]
[SourceVersionDate "2023.07.31"]
[SourceQuality "1"]

1. d4 f5 2. Nf3 Nf6 3. g3 e6 4. Bg2 d5 5. c4 c6 6. 0-0 Bd6 7. b3 Qe7 8. Bb2 b6 9. Nbd2 Bb7 10. Ne5 0-0 11. Rc1 a5 12. f3 Na6 13. e4 dxe4 14. fxe4 Bxe5 15. dxe5 Qc5+ 16. Kh1 Ng4 17. Qe2 Ne3 18. b4 axb4 19. Nb3 Nxf1 20. Nxc5 Nxc5 21. exf5 Rxf5 22. Bh3 Rf7 23. Bd4 Ne4 24. Bxf1 Rd8 25. Be3 Nc3 26. Qg4 Nxa2 27. Rd1 Rxd1 28. Qxd1 Nc3 29. Qd8+ Rf8 30. Qxb6 Rxf1+ 31. Kg2 Rf7 32. Bc5 h6 33. Qxb4 Ne4 34. Kg1 Ng5 35. Kg2 Rd7 36. h4 Ne4 37. Kf3 Nxc5 38. Qxc5 Kf7 39. h5 Ke8 40. Kg4 Kf7 41. Kh4 Ke8 42. g4 Kf7 43. g5 hxg5+ 44. Kxg5 Kg8 45. h6 gxh6+ 46. Kxh6 Kf7 47. Qf2+ Ke8 48. Qf6 c5 49. Qxe6+ Re7 50. Qb6 Bc8 51. Qc6+ Bd7 52. Qxc5 Re6+ 53. Kg5 Kd8 1/2-1/2

[Event "ARG-ch sf 98th"]
[Site "Buenos Aires"]
[Date "2023.04.30"]
[Round "2"]
[White "Sorin, Ariel"]
[Black "Aranda, Juan Manuel"]
[Result "1-0"]
[WhiteElo "2357"]
[BlackElo "2104"]
[PlyCount "92"]
[EventDate "2023.04.29"]
[EventType "swiss"]
[EventRounds "9"]
[EventCountry "ARG"]
[SourceTitle "CBM 214 Extra"]
[Source "ChessBase"]
[SourceDate "2023.07.31"]
[SourceVersion "1"]
[SourceVersionDate "2023.07.31"]
[SourceQuality "1"]

1. d4 d6 2. c4 g6 3. Nc3 Bg7 4. e4 Nf6 5. Be2 0-0 6. Bg5 c5 7. dxc5 dxc5 8. Nf3 Nc6 9. 0-0 Bg4 10. Re1 h6 11. Be3 Nd7 12. Qd2 Bxf3 13. gxf3 Nd4 14. Rad1 Ne5 15. Kg2 e6 16. Bxh6 Qh4 17. Bf4 Rad8 18. Bg5 Qh5 19. Bxd8 Bh6 20. f4 Nef3 21. h3 Rxd8 22. Rh1 Nxd2 23. Bxh5 Nxc4 24. Be2 Nd6 25. b4 b6 26. bxc5 bxc5 27. f5 exf5 28. exf5 N6xf5 29. Bg4 Ng7 30. Rhe1 f5 31. Bf3 Kf7 32. Bd5+ Kf6 33. Bc4 Nh5 34. h4 Nf4+ 35. Kf1 g5 36. h5 g4 37. Nb5 Kg5 38. Re5 Rh8 39. Nd6 Kf6 40. Rxc5 Nfe6 41. Bxe6 Nxe6 42. Rxf5+ Kg7 43. Rf7+ Kg8 44. Re1 Bf8 45. Rxe6 Bxd6 46. Rxa7 Bf8 1-0

[Event "ARG-ch 97th"]
[Site "San Carlos de Bariloche"]
[Date "2022.12.02"]
[Round "3"]
[White "Krysa, Leandro Sergio"]
[Black "Sorin, Ariel"]
[Result "1-0"]
[WhiteElo "2524"]
[BlackElo "2363"]
[PlyCount "61"]
[EventDate "2022.12.01"]
[EventType "tourn"]
[EventRounds "11"]
[EventCountry "ARG"]
[EventCategory "10"]
[SourceTitle "CBM 211 Extra"]
[Source "ChessBase"]
[SourceDate "2023.01.31"]
[SourceVersion "1"]
[SourceVersionDate "2023.01.31"]
[SourceQuality "1"]

1. d4 Nf6 2. Nf3 g6 3. c4 Bg7 4. Nc3 d6 5. Bg5 h6 6. Bh4 g5 7. Bg3 Nh5 8. e3 Nd7 9. Bd3 c5 10. 0-0 a6 11. Bc2 Qa5 12. a3 Rb8 13. b4 Qd8 14. Rb1 b6 15. Qd3 Bb7 16. Nd2 Bc6 17. a4 cxb4 18. Rxb4 Qc7 19. Nd5 Qd8 20. Ne4 Nxg3 21. fxg3 b5 22. axb5 axb5 23. Nec3 e6 24. Qg6 Rf8 25. Qxg7 exd5 26. cxd5 Ba8 27. Nxb5 Bxd5 28. Nxd6+ Ke7 29. Nf5+ Ke8 30. Rxb8 Qxb8 31. Ba4 1-0

[Event "ARG-ch 97th"]
[Site "San Carlos de Bariloche"]
[Date "2022.12.02"]
[Round "2"]
[White "Sorin, Ariel"]
[Black "Gaitan, Juan Manuel"]
[Result "1/2-1/2"]
[WhiteElo "2363"]
[BlackElo "2358"]
[PlyCount "87"]
[EventDate "2022.12.01"]
[EventType "tourn"]
[EventRounds "11"]
[EventCountry "ARG"]
[EventCategory "10"]
[SourceTitle "CBM 211 Extra"]
[Source "ChessBase"]
[SourceDate "2023.01.31"]
[SourceVersion "1"]
[SourceVersionDate "2023.01.31"]
[SourceQuality "1"]

1. d4 Nf6 2. c4 e6 3. Nf3 d5 4. Nc3 dxc4 5. e3 a6 6. Bxc4 b5 7. Bd3 Bb7 8. Qe2 Nbd7 9. 0-0 c5 10. Rd1 Qb8 11. a3 Bd6 12. h3 0-0 13. e4 cxd4 14. Nxd4 Ne5 15. Bc2 Rd8 16. Bg5 Ng6 17. Nf3 h6 18. Be3 Nd7 19. g3 Nge5 20. Nd2 Bc5 21. f4 Qa7 22. Kf2 Nc6 23. Nb3 Bb6 24. Rd6 Nc5 25. Rad1 Rxd6 26. Rxd6 Rd8 27. Rxd8+ Nxd8 28. Nxc5 Bxc5 29. Bxc5 Qxc5+ 30. Qe3 Qc7 31. e5 Nc6 32. Qc5 Qd8 33. Ne4 Nd4 34. Bd3 Nb3 35. Qe3 Qd5 36. h4 Nd4 37. Qc1 Nb3 38. Qc3 a5 39. Bc2 Nd4 40. Bd3 Nb3 41. Ke3 a4 42. Bc2 Na1 43. Bd3 Nb3 44. Bc2 1/2-1/2

[Event "Vicente Lopez ProAm 100 Years op"]
[Site "Buenos Aires"]
[Date "2022.10.13"]
[Round "3"]
[White "Librelato, Kathie Goulart"]
[Black "Sorin, Ariel"]
[Result "0-1"]
[WhiteElo "2203"]
[BlackElo "2384"]
[PlyCount "70"]
[EventDate "2022.10.11"]
[EventType "swiss"]
[EventRounds "9"]
[EventCountry "ARG"]
[SourceTitle "CBM 210 Extra"]
[Source "ChessBase"]
[SourceDate "2022.11.30"]
[SourceVersion "1"]
[SourceVersionDate "2022.11.30"]
[SourceQuality "1"]

1. e4 e5 2. Bc4 Nf6 3. d3 Nc6 4. Nc3 Bc5 5. f4 d6 6. Nf3 Bg4 7. Na4 Bxf3 8. Qxf3 Nd4 9. Qd1 b5 10. Nxc5 bxc4 11. fxe5 dxc5 12. exf6 Qxf6 13. Be3 Rd8 14. Bf2 Ne6 15. 0-0 Qxb2 16. Rb1 Qxa2 17. Bh4 Ra8 18. Rxf7 Kxf7 19. Qh5+ Kg8 20. Rf1 Ng5 21. Qxg5 cxd3 22. cxd3 Qe6 23. Bf2 h6 24. Qxc5 c6 25. Ra1 a6 26. Rb1 Kh7 27. Bd4 Rhb8 28. Rf1 a5 29. Ba1 a4 30. Qc3 Rb7 31. Rf5 a3 32. h4 a2 33. Kh2 Qd6+ 34. g3 Ra3 35. Qc4 Qxd3 0-1

[Event "Vicente Lopez ProAm 100 Years op"]
[Site "Buenos Aires"]
[Date "2022.10.11"]
[Round "1"]
[White "Battan, Adrian"]
[Black "Sorin, Ariel"]
[Result "0-1"]
[WhiteElo "1947"]
[BlackElo "2384"]
[PlyCount "52"]
[EventDate "2022.10.11"]
[EventType "swiss"]
[EventRounds "9"]
[EventCountry "ARG"]
[SourceTitle "CBM 210 Extra"]
[Source "ChessBase"]
[SourceDate "2022.11.30"]
[SourceVersion "1"]
[SourceVersionDate "2022.11.30"]
[SourceQuality "1"]

1. e4 e5 2. Nc3 Nf6 3. Bc4 Bc5 4. Nf3 Nc6 5. d3 d6 6. h3 h6 7. Na4 Bb4+ 8. c3 Ba5 9. b4 Bb6 10. Nxb6 axb6 11. 0-0 0-0 12. Qb3 Nh5 13. Re1 Qf6 14. d4 Bxh3 15. dxe5 dxe5 16. Be2 Be6 17. Qc2 Nf4 18. Bxf4 Qxf4 19. g3 Qf6 20. Kg2 Ne7 21. Nh4 Ra3 22. b5 Rfa8 23. c4 c6 24. bxc6 Nxc6 25. Qb2 Nd4 26. Kh2 Qxf2+ 0-1

[Event "ARG-ch 96th"]
[Site "Buenos Aires"]
[Date "2022.06.12"]
[Round "11"]
[White "Perdomo, Leandro Daniel"]
[Black "Sorin, Ariel"]
[Result "0-1"]
[WhiteElo "2436"]
[BlackElo "2388"]
[PlyCount "144"]
[EventDate "2022.06.02"]
[EventType "swiss"]
[EventRounds "11"]
[EventCountry "ARG"]
[SourceTitle "EXT 2023"]
[Source "ChessBase"]
[SourceDate "2022.10.05"]
[SourceVersion "1"]
[SourceVersionDate "2022.10.05"]
[SourceQuality "1"]

1. d4 Nf6 2. c4 d6 3. Nc3 Nbd7 4. Bg5 h6 5. Bh4 g5 6. Bg3 Nh5 7. e3 Nxg3 8. hxg3 Bg7 9. Bd3 c5 10. Nge2 Nf6 11. Qc2 Qa5 12. 0-0 cxd4 13. Nxd4 0-0 14. a3 Bd7 15. b4 Qb6 16. Rab1 e6 17. Qe2 a5 18. Rfd1 Rfd8 19. Ncb5 Bxb5 20. Nxb5 axb4 21. axb4 Ne8 22. Qc2 Rac8 23. Qb3 Kf8 24. Bf1 Ra8 25. Rd2 Ke7 26. Rbd1 Ra1 27. Rxa1 Bxa1 28. Qa3 Bf6 29. Ra2 Nc7 30. Qa7 Qc6 31. Nd4 Qe4 32. Rd2 Ra8 33. Qb6 Ne8 34. Bd3 Bxd4 35. Qxd4 Qxd4 36. exd4 Ra1+ 37. Kh2 b6 38. g4 Nc7 39. Rb2 Ra3 40. Be2 Kd7 41. b5 Rc3 42. Ra2 Rb3 43. Ra7 Kc8 44. Bf3 d5 45. Ra4 dxc4 46. Rxc4 Rxb5 47. Bc6 Rb2 48. Kg3 Kd8 49. Rc1 b5 50. Rh1 Rc2 51. Be4 Rd2 52. Rxh6 Rxd4 53. Kf3 Ke7 54. Rh8 Ne8 55. Bc6 Nd6 56. Rb8 Rf4+ 57. Kg3 Kf6 58. f3 Rc4 59. Rb6 Ke5 60. Bxb5 Rb4 61. Rxd6 Kxd6 62. Bd3 Rb2 63. Be4 Ke5 64. Bd3 Kd4 65. Bh7 Ke3 66. Bg8 Rb7 67. Bh7 f5 68. Bg6 f4+ 69. Kh3 Kf2 70. Kh2 Rc7 71. Be8 Rc1 72. Bg6 Rg1 0-1

[Event "ARG-ch 96th"]
[Site "Buenos Aires"]
[Date "2022.06.09"]
[Round "8"]
[White "Perez Ponsa, Federico"]
[Black "Sorin, Ariel"]
[Result "1/2-1/2"]
[WhiteElo "2553"]
[BlackElo "2388"]
[PlyCount "121"]
[EventDate "2022.06.02"]
[EventType "swiss"]
[EventRounds "11"]
[EventCountry "ARG"]
[SourceTitle "CBM 208 Extra"]
[Source "ChessBase"]
[SourceDate "2022.07.31"]
[SourceVersion "1"]
[SourceVersionDate "2022.07.31"]
[SourceQuality "1"]

1. d4 Nf6 2. c4 g6 3. Nc3 Bg7 4. e4 d6 5. h3 0-0 6. Be3 Na6 7. g4 c5 8. Nge2 Qa5 9. Bg2 Bd7 10. dxc5 Nxc5 11. 0-0 Na4 12. Nxa4 Bxa4 13. b3 Bd7 14. Bd2 Qa3 15. Nc3 Bc6 16. Re1 e6 17. Rb1 a5 18. Qc1 Qxc1 19. Rbxc1 Rfd8 20. Be3 Nd7 21. Bg5 Bf6 22. Bxf6 Nxf6 23. f4 Ne8 24. Red1 Kf8 25. Kf2 Ke7 26. Ke3 Nc7 27. Nd5+ exd5 28. cxd5 Nxd5+ 29. exd5 Bb5 30. Kd4 a4 31. Re1+ Kd7 32. b4 Rac8 33. g5 Rxc1 34. Rxc1 Rc8 35. Rxc8 Kxc8 36. h4 Bd7 37. Bf1 b5 38. Bd3 Kd8 39. Ke3 Ke7 40. f5 Kf8 41. Kf4 Kg7 42. h5 Be8 43. a3 Bd7 44. Be4 Be8 45. Bd3 Kf8 46. Be2 Ke7 47. Bg4 Kd8 48. Bh3 Ke7 49. Bg4 Bd7 50. Bh3 Kd8 51. Bf1 Ke7 52. Bd3 Be8 53. Be4 Kd8 54. Bd3 Ke7 55. h6 Kd8 56. Be2 Bd7 57. Bg4 Ke7 58. Bh3 Kd8 59. Bg4 Ke7 60. f6+ Kd8 61. Bxd7 1/2-1/2

[Event "ARG-ch 96th"]
[Site "Buenos Aires"]
[Date "2022.06.04"]
[Round "3"]
[White "Sorin, Ariel"]
[Black "Schnaider, Ilan"]
[Result "1/2-1/2"]
[WhiteElo "2388"]
[BlackElo "2213"]
[PlyCount "118"]
[EventDate "2022.06.02"]
[EventType "swiss"]
[EventRounds "11"]
[EventCountry "ARG"]
[SourceTitle "CBM 208 Extra"]
[Source "ChessBase"]
[SourceDate "2022.07.31"]
[SourceVersion "1"]
[SourceVersionDate "2022.07.31"]
[SourceQuality "1"]

1. d4 Nf6 2. c4 g6 3. Nc3 d5 4. Bg5 Ne4 5. Bh4 Nxc3 6. bxc3 dxc4 7. e3 Be6 8. Nf3 Bg7 9. Be2 0-0 10. 0-0 Nd7 11. Nd2 Nb6 12. a4 a5 13. Qc2 f5 14. Rfb1 Qd7 15. Bf3 Ra7 16. Rb5 Qe8 17. Bg3 Qc8 18. Rab1 Ra6 19. d5 Bd7 20. Rc5 f4 21. Bxf4 Rxf4 22. Rxb6 Rxb6 23. exf4 Bf5 24. Be4 Bxe4 25. Nxe4 Qd7 26. Rxa5 Ra6 27. Rc5 Rxa4 28. f3 b5 29. Qb1 b4 30. Rxc4 Qxd5 31. Rxb4 Rxb4 32. Qxb4 Bf8 33. Qb8 Qc4 34. Kf2 h6 35. Kg3 Kg7 36. h4 Kf7 37. Qc8 Qc6 38. f5 Bg7 39. fxg6+ Qxg6+ 40. Qg4 Qc6 41. Qf4+ Kg8 42. Qd2 Qg6+ 43. Kh2 Qc6 44. Qd8+ Kf7 45. Qd3 Be5+ 46. Kh3 Qe6+ 47. g4 Qa2 48. Nd2 Bg7 49. h5 Qa1 50. Nb1 Qb2 51. Qc4+ Kf8 52. Qf4+ Kg8 53. Qe4 Qf2 54. Qd3 Qg1 55. f4 Qh1+ 56. Kg3 Qg1+ 57. Kf3 Qh1+ 58. Kg3 Qg1+ 59. Kf3 Qh1+ 1/2-1/2

[Event "Santa Fe Perez Cup"]
[Site "Santa Fe"]
[Date "2022.03.01"]
[Round "7"]
[White "Leto, Enzo"]
[Black "Sorin, Ariel"]
[Result "0-1"]
[WhiteElo "2137"]
[BlackElo "2387"]
[PlyCount "98"]
[EventDate "2022.02.26"]
[EventType "swiss"]
[EventRounds "9"]
[EventCountry "ARG"]
[SourceTitle "EXT 2023"]
[Source "ChessBase"]
[SourceDate "2022.10.05"]
[SourceVersion "1"]
[SourceVersionDate "2022.10.05"]
[SourceQuality "1"]

1. d4 Nf6 2. c4 g6 3. Nf3 Bg7 4. g3 0-0 5. Bg2 d6 6. 0-0 c6 7. Nc3 Bf5 8. Ne1 e5 9. d5 c5 10. e4 Bd7 11. Nd3 Na6 12. f3 Ne8 13. Be3 f5 14. f4 Nb4 15. fxe5 Nxd3 16. Qxd3 Bxe5 17. Rae1 Nf6 18. Bf4 Bxf4 19. Rxf4 Ng4 20. exf5 Ne5 21. Qf1 Bxf5 22. Be4 Bd7 23. Rxf8+ Qxf8 24. Qxf8+ Kxf8 25. b3 a6 26. a4 b5 27. axb5 axb5 28. cxb5 Ra5 29. Rb1 Bxb5 30. b4 cxb4 31. Rxb4 Bd7 32. Kg2 Ra3 33. Nd1 Ra1 34. Rb1 Ra5 35. Nf2 Ra2 36. Kg1 Ke7 37. Nd3 Bf5 38. Nxe5 Bxe4 39. Rb7+ Kf6 40. Ng4+ Kg5 41. Ne3 Re2 42. h4+ Kf6 43. Ng4+ Kf5 44. Nf2 Bxd5 45. Rxh7 Re1+ 46. Kh2 Rf1 47. g4+ Kf4 48. Rg7 Rxf2+ 49. Kh3 Rf1 0-1

[Event "ARG-ch sf 95th"]
[Site "Buenos Aires"]
[Date "2020.03.01"]
[Round "9"]
[White "Aguilar, Andres"]
[Black "Sorin, Ariel"]
[Result "1-0"]
[WhiteElo "2278"]
[BlackElo "2402"]
[PlyCount "89"]
[EventDate "2020.02.22"]
[EventType "swiss"]
[EventRounds "9"]
[EventCountry "ARG"]
[SourceTitle "CBM 195 Extra"]
[Source "ChessBase"]
[SourceDate "2020.05.31"]
[SourceVersion "1"]
[SourceVersionDate "2020.05.31"]
[SourceQuality "1"]

1. d4 Nf6 2. c4 c5 3. Nf3 cxd4 4. Nxd4 g6 5. Nc3 Bg7 6. e4 d6 7. Be2 Nc6 8. Be3 0-0 9. 0-0 Bd7 10. h3 Nxd4 11. Bxd4 Bc6 12. Qc2 a6 13. Rad1 Qa5 14. a3 Rac8 15. b4 Qc7 16. Nd5 Nxd5 17. exd5 Bd7 18. Bxg7 Kxg7 19. Qb2+ f6 20. Rc1 Qb6 21. Rfd1 a5 22. Qc3 axb4 23. axb4 e5 24. c5 Qa7 25. Bf3 Bb5 26. Ra1 Qb6 27. Rdc1 Qd8 28. Ra5 Be8 29. c6 Qb6 30. b5 Bf7 31. Rca1 f5 32. Qb2 Kg8 33. Ra7 Rb8 34. Be2 Bxd5 35. Qd2 bxc6 36. bxc6 Qd4 37. Qxd4 exd4 38. c7 Rb2 39. R1a5 Be6 40. Bf3 Rc8 41. Ra8 Rc2 42. Bd5 Kg7 43. Bxe6 R8xc7 44. Rd5 Rd2 45. Re8 1-0

[Event "ARG-ch sf 95th"]
[Site "Buenos Aires"]
[Date "2020.02.26"]
[Round "5"]
[White "Dolezal, Cristian"]
[Black "Sorin, Ariel"]
[Result "0-1"]
[WhiteElo "2374"]
[BlackElo "2402"]
[PlyCount "76"]
[EventDate "2020.02.22"]
[EventType "swiss"]
[EventRounds "9"]
[EventCountry "ARG"]
[SourceTitle "CBM 195 Extra"]
[Source "ChessBase"]
[SourceDate "2020.05.31"]
[SourceVersion "1"]
[SourceVersionDate "2020.05.31"]
[SourceQuality "1"]

1. Nf3 Nf6 2. c4 g6 3. Nc3 Bg7 4. e4 d6 5. d4 0-0 6. Be2 e5 7. d5 a5 8. Be3 Ng4 9. Bg5 f6 10. Bd2 Na6 11. 0-0 f5 12. Ng5 Nf6 13. exf5 gxf5 14. f4 Nc5 15. fxe5 dxe5 16. Be3 Qe7 17. Kh1 Ra6 18. Qc2 h6 19. Bxc5 Qxc5 20. Ne6 Bxe6 21. dxe6 e4 22. e7 Re8 23. Na4 Qe5 24. c5 Ra7 25. Rf2 Rxe7 26. Raf1 Ng4 27. Rf4 Kh8 28. Qb3 Ra8 29. h3 Nf6 30. Rxf5 Qd4 31. Nc3 c6 32. Bc4 a4 33. Nxa4 e3 34. Nc3 Ne4 35. Nxe4 Qxe4 36. Be2 Qd4 37. Qc2 Qd2 38. Qc4 Qxb2 0-1

[Event "ARG-ch sf 95th"]
[Site "Buenos Aires"]
[Date "2020.02.24"]
[Round "3"]
[White "Bustamante, Leonidas"]
[Black "Sorin, Ariel"]
[Result "0-1"]
[WhiteElo "2094"]
[BlackElo "2402"]
[PlyCount "50"]
[EventDate "2020.02.22"]
[EventType "swiss"]
[EventRounds "9"]
[EventCountry "ARG"]
[SourceTitle "CBM 195 Extra"]
[Source "ChessBase"]
[SourceDate "2020.05.31"]
[SourceVersion "1"]
[SourceVersionDate "2020.05.31"]
[SourceQuality "1"]

1. e4 e5 2. Nf3 Nc6 3. Bb5 a6 4. Ba4 Nf6 5. Qe2 b5 6. Bb3 Bc5 7. c3 0-0 8. 0-0 d5 9. d3 dxe4 10. dxe4 h6 11. h3 Be6 12. Re1 Bd6 13. Nbd2 Nh5 14. Nf1 Qf6 15. N3h2 Nf4 16. Qf3 g5 17. Ng3 Ne7 18. Nh5 Qg6 19. g4 Bxb3 20. axb3 Nxh5 21. gxh5 Qe6 22. Ng4 f5 23. exf5 Nxf5 24. Qc6 Qxb3 25. f4 exf4 0-1

[Event "ARG-ch sf 95th"]
[Site "Buenos Aires"]
[Date "2020.02.23"]
[Round "2"]
[White "Sorin, Ariel"]
[Black "Lamas, Leonel"]
[Result "1-0"]
[WhiteElo "2402"]
[BlackElo "1920"]
[PlyCount "191"]
[EventDate "2020.02.22"]
[EventType "swiss"]
[EventRounds "9"]
[EventCountry "ARG"]
[SourceTitle "CBM 195 Extra"]
[Source "ChessBase"]
[SourceDate "2020.05.31"]
[SourceVersion "1"]
[SourceVersionDate "2020.05.31"]
[SourceQuality "1"]

1. d4 Nf6 2. c4 e6 3. Nf3 a6 4. Nc3 d5 5. cxd5 exd5 6. Bg5 Be6 7. e3 Nbd7 8. Rc1 Bd6 9. Bd3 c6 10. 0-0 0-0 11. Qc2 h6 12. Bf4 Qb8 13. Bxd6 Qxd6 14. Na4 a5 15. Nc5 Rfb8 16. Nxe6 Qxe6 17. Nd2 Rc8 18. Bf5 Qd6 19. Qd3 Re8 20. f3 Nf8 21. e4 dxe4 22. fxe4 Ne6 23. Nf3 Qb4 24. Rcd1 Rad8 25. e5 Nd5 26. Bxe6 Rxe6 27. Rd2 Qb6 28. Kh1 Nb4 29. Qf5 Rd7 30. a3 Nd5 31. Qe4 Qb3 32. Re1 Nf6 33. Qf5 Nd5 34. Rf2 Ne3 35. Qe4 Nd5 36. Ref1 Ne3 37. Nd2 Qxb2 38. Qxe3 Qxd4 39. Qxd4 Rxd4 40. Nb3 Rd5 41. Rxf7 a4 42. Na1 b5 43. Nc2 Rdxe5 44. Kg1 Rg6 45. R7f5 Ree6 46. Rc5 Rd6 47. g3 Rge6 48. Nb4 Re3 49. Nxc6 Rxa3 50. Ne7+ Kh7 51. Rxb5 Ra2 52. Nd5 Re6 53. Rf2 Ra1+ 54. Kg2 a3 55. Nc3 Re3 56. Na2 Rd3 57. Rc5 Rb1 58. Rc3 Rxc3 59. Nxc3 Rb3 60. Rc2 Kg6 61. Kf2 Kf5 62. h3 Ke5 63. Ne2 Ke4 64. Rc4+ Ke5 65. Ra4 g5 66. Nc1 Rc3 67. Ne2 Rb3 68. Ke1 h5 69. Kd2 Rf3 70. Ra5+ Kf6 71. Ra8 Kg6 72. Ra6+ Kg7 73. Nd4 Rf2+ 74. Ke3 Rh2 75. Nf5+ Kf7 76. h4 gxh4 77. Nxh4 a2 78. Kf4 Rc2 79. Kg5 Rc3 80. Nf5 Rc5 81. Rxa2 Ke6 82. Re2+ Kf7 83. Re7+ Kg8 84. Rg7+ Kh8 85. Rg6 Kh7 86. Rh6+ Kg8 87. Rxh5 Kf7 88. Rh7+ Kg8 89. Ra7 Kf8 90. g4 Kg8 91. Rd7 Kf8 92. Kf6 Ke8 93. Rd6 Rc8 94. g5 Kf8 95. g6 Re8 96. Ne7 1-0

[Event "Buenos Aires Szmetan/Giardelli-B"]
[Site "Buenos Aires"]
[Date "2019.12.08"]
[Round "8"]
[White "Sorin, Ariel"]
[Black "Romero Barreto, Jaime Jose"]
[Result "1-0"]
[WhiteElo "2401"]
[BlackElo "2362"]
[PlyCount "119"]
[EventDate "2019.12.01"]
[EventType "tourn"]
[EventRounds "11"]
[EventCountry "ARG"]
[EventCategory "7"]
[SourceTitle "CBM 193 Extra"]
[Source "ChessBase"]
[SourceDate "2020.01.31"]
[SourceVersion "1"]
[SourceVersionDate "2020.01.31"]
[SourceQuality "1"]

1. d4 Nf6 2. c4 g6 3. Nc3 Bg7 4. e4 d6 5. Be2 0-0 6. Bg5 c5 7. dxc5 Qa5 8. Bd2 dxc5 9. Nf3 Nc6 10. 0-0 Bg4 11. Nd5 Qd8 12. h3 Bxf3 13. Bxf3 Nd4 14. Bg5 Re8 15. Re1 Nd7 16. Be2 h6 17. Be3 e6 18. Nc3 Qb6 19. Rb1 Rad8 20. f4 Nf6 21. Qc1 Qc6 22. e5 Ne4 23. Bxd4 cxd4 24. Nxe4 Qxe4 25. Bf3 Qf5 26. Be4 Qh5 27. Bxb7 d3 28. Qe3 g5 29. fxg5 d2 30. Red1 Qxg5 31. Qxg5 hxg5 32. c5 Bxe5 33. c6 Bc7 34. b4 Rd5 35. Kf1 Red8 36. Rb3 f5 37. Ba6 Rd4 38. Ke2 Bb6 39. Rd3 Rxb4 40. Rxd8+ Bxd8 41. Rxd2 Ba5 42. Rd7 Rb2+ 43. Kd1 Rb1+ 44. Kc2 Rb6 45. Bb7 Rb5 46. Rd6 Re5 47. Kd3 Kf7 48. c7 Bxc7 49. Rd7+ Kf6 50. Rxc7 Ra5 51. Rc2 Ke5 52. Re2+ Kf4 53. Rxe6 Rxa2 54. Ra6 Rb2 55. Rxa7 Kg3 56. Bd5 Rb5 57. Kd4 g4 58. Rg7 Kf4 59. hxg4 fxg4 60. Be6 1-0

[Event "Buenos Aires Szmetan/Giardelli-B"]
[Site "Buenos Aires"]
[Date "2019.12.06"]
[Round "6"]
[White "Sorin, Ariel"]
[Black "Sunye Neto, Jaime"]
[Result "1-0"]
[WhiteElo "2401"]
[BlackElo "2438"]
[PlyCount "45"]
[EventDate "2019.12.01"]
[EventType "tourn"]
[EventRounds "11"]
[EventCountry "ARG"]
[EventCategory "7"]
[SourceTitle "CBM 193 Extra"]
[Source "ChessBase"]
[SourceDate "2020.01.31"]
[SourceVersion "1"]
[SourceVersionDate "2020.01.31"]
[SourceQuality "1"]

1. d4 Nf6 2. c4 e6 3. Nf3 Bb4+ 4. Nbd2 c5 5. a3 Bxd2+ 6. Qxd2 cxd4 7. Nxd4 0-0 8. b4 d5 9. e3 a5 10. Bb2 Qe7 11. cxd5 Nxd5 12. bxa5 Rd8 13. e4 Nf6 14. Rd1 Nbd7 15. f3 Qc5 16. Nb3 Qh5 17. h4 Qg6 18. Qf2 e5 19. Bxe5 Re8 20. Bb2 b6 21. Bb5 bxa5 22. e5 Ba6 23. Bxa6 1-0

[Event "Buenos Aires Szmetan/Giardelli-B"]
[Site "Buenos Aires"]
[Date "2019.12.03"]
[Round "3"]
[White "Villanueva, Mario Nicolas"]
[Black "Sorin, Ariel"]
[Result "1-0"]
[WhiteElo "2486"]
[BlackElo "2401"]
[PlyCount "75"]
[EventDate "2019.12.01"]
[EventType "tourn"]
[EventRounds "11"]
[EventCountry "ARG"]
[EventCategory "7"]
[SourceTitle "CBM 193 Extra"]
[Source "ChessBase"]
[SourceDate "2020.01.31"]
[SourceVersion "1"]
[SourceVersionDate "2020.01.31"]
[SourceQuality "1"]

1. e4 e5 2. Nf3 Nc6 3. Bb5 a6 4. Ba4 Nf6 5. 0-0 Nxe4 6. d4 b5 7. Bb3 d5 8. dxe5 Be6 9. c3 Be7 10. Bc2 Qd7 11. Nbd2 f5 12. Nb3 0-0 13. Nfd4 Nxd4 14. Nxd4 c5 15. Ne2 Rad8 16. f3 Ng5 17. Be3 Qc7 18. Qd2 h6 19. Nf4 d4 20. cxd4 Bc4 21. Bd3 cxd4 22. Bf2 Qb6 23. Rfc1 Ne6 24. Bxc4 bxc4 25. Ng6 Bg5 26. f4 Kf7 27. fxg5 Kxg6 28. gxh6 Qb5 29. hxg7 Kxg7 30. Bh4 Rb8 31. Bf6+ Kg6 32. Rf1 d3 33. Rf3 f4 34. Raf1 Kf7 35. Rxf4 Nxf4 36. Qxf4 Qb6+ 37. Kh1 Qe6 38. Bd8+ 1-0